Measure and integral /

Bibliographic Details
Main Author: Kelley, John L.
Other Authors: Srinivasan, T. P.
Format: Book
Language:English
Published: New York : Springer-Verlag, c1988-
Series:Graduate texts in mathematics ; 116.
Subjects:

MARC

Tag First Indicator Second Indicator Subfields
LEADER 00000cam a22000008a 4500
001 in00000008918
005 20200908101003.0
008 870914m19889999nyu b 00110 eng
010 |a  87026571  
020 |a 0387966331 :  |c $39.80 (est.) 
035 |a (OCoLC)16869319 
035 |9 AAA1330AM 
040 |a DLC  |c DLC  |d TXA 
049 |a TXAM  |v 1 [A12618866] 
050 0 |a QA312  |b .K44 1988 
082 0 |a 515.4/2  |2 19 
100 1 |a Kelley, John L. 
245 1 0 |a Measure and integral /  |c John L. Kelley, T.P. Srinivasan. 
260 |a New York :  |b Springer-Verlag,  |c c1988- 
300 |a v. 
336 |a text  |b txt  |2 rdacontent 
337 |a unmediated  |b n  |2 rdamedia 
338 |a volume  |b nc  |2 rdacarrier 
490 1 |a Graduate texts in mathematics ;  |v 116 
504 |a Includes bibliographies and index. 
650 0 |a Measure theory. 
650 0 |a Integrals, Generalized. 
700 1 |a Srinivasan, T. P. 
830 0 |a Graduate texts in mathematics ;  |v 116. 
999 f f |s 5664480e-525c-334b-8196-4b09a6ec552b  |i c543aa92-7155-39f6-81c1-44fc8462af57  |t 0 
952 f f |p normal  |a Texas A&M University  |b Galveston Campus  |c Jack K. Williams Library  |d Galveston Stacks  |t 0  |e QA312 .K44 1988  |h Library of Congress classification  |i unmediated -- volume  |k v.1  |m 33620000823050 
998 f f |a QA312 .K44 1988  |s v.1  |t 0  |l Galveston Stacks